000 00298nam a22001217a 4500
040 _cSY
082 _a333
100 _aMARIA ROSARIO
245 _aStrategic environmental assessment current practices, future demands and capacity building
260 _aRUA
_bMAR
_cNA
300 _a69p.
942 _cEK
999 _c9785
_d9785